000 00504nam a2200169Ia 4500
008 090711s9999 xx 000 0 und d
082 _b78819
100 _aपेरी मॅसन
245 _aअजब गुंतागुंत
260 _c1995
600 _aपेरी मॅसन
630 _aअजब गुंतागुंत
700 _aगुजर अनिल
700 _aपेरी मॅसन
730 _aअजब गुंतागुंत
942 _cBOOK
999 _c326903
_d326903